Simposio: La agroindustria en Costa Rica

Uloženo v:
Podrobná bibliografie
Korporativní autor: Costa Rica. Ministerio de Economía, Industria y Comercio. Oficina Sectorial de Planificación Industrial
Médium: Neznámo
Vydáno: San José: OSPI
Tagy: Přidat tag
Žádné tagy, Buďte první, kdo vytvoří štítek k tomuto záznamu!

MARC

LEADER 00000 a2200000 04500
001 19230
003
008 991231s d
040
090 |a 019608  
110 |a Costa Rica. Ministerio de Economía, Industria y Comercio. Oficina Sectorial de Planificación Industrial  
245 |a Simposio: La agroindustria en Costa Rica  
260 |a San José:   |b OSPI  
300 |a 70 p  
999 |c 1600  |d 1600